| 000 | 00482nam a2200169Ia 4500 | ||
|---|---|---|---|
| 008 | 151021s9999 xx 000 0 und d | ||
| 020 | _a672324679 | ||
| 050 | _aQA 76.9D3R263 2003 | ||
| 245 | _a_Knowledge>solutions>mastery SQL server 2000 [2nd ed.] | ||
| 260 | _aUSA SAMS 2003 | ||
| 300 | _axlii,1513p;ill. | ||
| 500 | _aIncludes Index | ||
| 500 | _aIncludes Index | ||
| 650 | _a_microsoft sql server | ||
| 700 | _a_Pau Bertucci | ||
| 980 | _a^d20120809 11:05:18^oanne | ||
| 999 |
_c12274 _d12274 |
||